000 00332 a2200157 4500
001 195146
020 _a978-85-08-12053-6
040 _cMagnum
100 _aVieira, Luandino
240 1 0 _aContos africanos
_lpor
245 1 0 _aContos africanos
300 _a143
362 0 _a2009
697 _aLITERATURA JUVENIL
942 _cBK
999 _c195146
_d195146